000 00751nam a2200253Ia 4500
008
020 _a075140408X (hbk.)
049 _aMAIN
090 _aTJ919
245 0 0 _aSlurry transport using centrifugal pumps /
_cedited by K.C. Wilson ... [et. al.].
250 _a2nd ed.
260 _aLondon :
_bBlackie Academic & Professional,
_cc1996.
300 _aix, 389 p. :
_bill. ;
_c25 cm.
500 _aIncludes index.
504 _aIncludes bibliographical references.
650 0 _aSlurry pipelines.
650 0 _aCentrifugal pumps.
700 1 _aWilson, K. C.
907 _a.b10017409
_b24-01-07
_c17-04-03
003
005 20230123133636.0
040 _cNUST
942 _cBOOKS
_kTJ919
999 _c152138
_d152138